Obra poética (1923-1967)
Salvato in:
| Autore principale: | |
|---|---|
| Natura: | Libro |
| Lingua: | Undetermined |
| Pubblicazione: |
Buenos Aires, Argentina
Emecé Editores
1967
|
| Edizione: | 7 |
| Soggetti: | |
| Tags: |
Aggiungi Tag
Nessun Tag, puoi essere il primo ad aggiungerne!!
|
MARC
| LEADER | 00000nam a2200000Ia 4500 | ||
|---|---|---|---|
| 008 | 170316s9999 xx 000 0 und d | ||
| 040 | |a cru BVZT | ||
| 090 | |a 860 B-32o | ||
| 100 | |a Borges, Jorge Luis |9 1174 | ||
| 245 | |a Obra poética (1923-1967) |c / Jorge Luis Borges | ||
| 250 | |a 7 | ||
| 260 | |a Buenos Aires, Argentina |b Emecé Editores |c 1967 | ||
| 300 | |a 339 páginas | ||
| 650 | |a LITERATURA LATINOAMERICANA |9 15 | ||
| 650 | |a POESÍA |9 18 | ||
| 999 | |c 8444 |d 8444 | ||
| 942 | |c 4 D |h 860 B-32o |2 z | ||
